| 000 | 00000cam 2200000zi 4500 |
| 001 | 9.959315 |
| 003 | CaOODSP |
| 005 | 20260604152809 |
| 006 | m o d f |
| 007 | cr cn |||||||| |
| 008 | 260127t20262026oncda ob f000 0 eng d |
| 020 | |a9780660981345 |
| 040 | |aCaOODSP|beng|erda|cCaOODSP |
| 041 | |aeng|bfre |
| 043 | |an-cnm-- |
| 086 | 1 |aFs97-6/3755E-PDF |
| 100 | 1 |aO’Grady, Emily, |eauthor. |
| 245 | 10|aMaritimes ecosystem approach (marea) R package to support ecosystem approach to fisheries management / |cEmily O’Grady, Jamie C. Tam, Andrew M. Edwards, Benoit Casault, Stephanie Clay, Adam M. Cook, Rémi M. Daigle, David Keith, Jaimie Harbin, Cornelia den Heyer, Brad Hubley, Mike McMahon. |
| 264 | 1|a[Ottawa] : |bFisheries and Oceans Canada, Maritimes Region, |c2026. |
| 264 | 4|c©2026 |
| 300 | |a1 online resource (v, 25 pages) : |bcharts, illustrations. |
| 336 | |atext|btxt|2rdacontent |
| 337 | |acomputer|bc|2rdamedia |
| 338 | |aonline resource|bcr|2rdacarrier |
| 490 | 1 |aCanadian technical report of fisheries and aquatic sciences, |x1488-5379 ; |v3755 |
| 504 | |aIncludes bibliographical references. |
| 520 | |a"This report documents the rationale, design, and core methods of marea, focusing on package architecture and workflows that will remain stable over time. Dynamic content (e.g., specific datasets and values) is intentionally de-emphasized and referenced through a single runtime function that retrieves the current catalog. The package supports transparent metadata, reproducible analysis, and interoperability with related regional tools. This report provides clear background context for potential users and supplements the package vignettes to aid in developing a robust understanding of the data ecosystem"--Abstract, page iv. |
| 546 | |aIncludes abstract in French. |
| 650 | 0|aMarine ecosystem management|zMaritime Provinces. |
| 650 | 0|aFishery management|zMaritime Provinces. |
| 650 | 6|aÉcosystèmes marins|xGestion|zProvinces maritimes. |
| 650 | 6|aPêches|xGestion|zProvinces maritimes. |
| 710 | 1 |aCanada. |bDepartment of Fisheries and Oceans. |bMaritimes Region, |eissuing body. |
| 830 | #0|aCanadian technical report of fisheries and aquatic sciences ;|v3755.|w(CaOODSP)9.504449 |
| 856 | 40|qPDF|s889 KB|uhttps://publications.gc.ca/collections/collection_2026/mpo-dfo/fs97-6/Fs97-6-3755-eng.pdf |